Представление документа в формате RUSMARC

ПолеНазваниеЗначение
  Тип записи a
  Библиографический уровень m
001 Контрольный номер 3deec16d36474e91bb09e811f9d39d06
005 Дата корректировки 20140620093403.5
010 Индекс ISBN __
a ISBN 978-5-9558-0311-1
010 Индекс ISBN __
a ISBN 978-5-16-006791-9
101 Язык документа 0_
a Язык текста rus
102 Страна публикации __
a Страна публикации RU
200 Заглавие и сведения об ответственности 1_
a Заглавие Инновационный менеджмент
e Сведения, относящиеся к заглавию учебник
b Общее обозначение материала Текст
f Первые сведения об ответственности под ред. В.Я.Горфинкеля и Т.Г.Попадюк
205 Сведения об издании __
a Основные сведения об издании 4-е изд., перераб. и доп.
210 Выходные данные 1_
d Дата издания 2014
c Издательство Вузовский учебник: ИНФРА-М
a Место издания Москва
215 Физическое описание __
a Объем 379, [2] с.
610 Ключевые слова 0_
a Ключевые слова инновации
610 Ключевые слова 0_
a Ключевые слова инновационная деятельность
610 Ключевые слова 0_
a Ключевые слова инновационные технологии
610 Ключевые слова 0_
a Ключевые слова стратегическое управление
610 Ключевые слова 0_
a Ключевые слова инновационные проекты
686 Индексы других классификаций __
a Классификационный индекс 65.050.9(2)2я73
2 Код системы rubbk
702 Вторичная интеллектуальная ответственность _1
a Фамилия Горфинкель
b Имя В. Я.
4 Код отношения 340
702 Вторичная интеллектуальная ответственность _1
a Фамилия Попадюк
b Имя Т. Г.
4 Код отношения 340
801 Источник записи _0
a Страна RU
b Организация РУК
c Дата составления 20140423
g Правила каталогизации PSBO
801 Источник записи _1
a Страна RU
b Организация РУК
c Дата составления 20140423
g Правила каталогизации PSBO
852 Данные о местонахождении __
i Авторский знак И 66
j Шифр хранения ББК 65.050
901 Тип документа __
t Тип документа m
938 Служебная информация __
a Название организации Головной вуз
b Имя БД BOOK
c Название АИБС АИБС ИРБИС
952 Тип литературы __
b Гриф литературы для ВШ гриф УМО
c Вид литературы учебник